|
|
|
|
| LEADER |
00000nam0a2200000 4500 |
| 001 |
94771 |
| 005 |
20231031105802.0 |
| 035 |
|
|
|a (RuTPU)RU\TPU\book\101520
|
| 090 |
|
|
|a 94771
|
| 100 |
|
|
|a 20060414d1987 km y0rusy50 ca
|
| 101 |
0 |
|
|a rus
|
| 102 |
|
|
|a RU
|
| 105 |
|
|
|a a g 000zy
|
| 200 |
1 |
|
|a Государственные награды Союза ССР
|f сост. В. В. Матвеев
|
| 210 |
|
|
|a Киев
|c Вища школа
|d 1987
|
| 215 |
|
|
|a 271 с.
|c ил.
|
| 610 |
1 |
|
|a государственные награды
|
| 610 |
1 |
|
|a справочные пособия
|
| 610 |
1 |
|
|a государственные награды
|
| 610 |
1 |
|
|a СССР
|
| 610 |
1 |
|
|a ордена
|
| 610 |
1 |
|
|a медали
|
| 610 |
1 |
|
|a знаки
|
| 610 |
1 |
|
|a положения
|
| 686 |
|
|
|a Х627.1
|v LBC/SL-A
|2 rubbk
|
| 686 |
|
|
|a Ц4.6(2)243
|v LBC/SL-A
|2 rubbk
|
| 702 |
|
1 |
|a Матвеев
|b В. В.
|4 220
|
| 801 |
|
1 |
|a RU
|b 63413507
|c 20060414
|g PSBO
|
| 801 |
|
2 |
|a RU
|b 63413507
|c 20140410
|g RCR
|
| 942 |
|
|
|c BK
|